00887nam a22002177a 45000050016000000100015000160200010000310350013000410370013000540820008000671000030000752450106001052600075002112700073002863000021003594900077003805000040004579420022004979990017005199520133005362010082108398.0 aENG-101205 c75.00 aEN-84738 bDBAD/PUB a921 aBera, Gautam Kumar916770 aThe wanderlust anthropologist :cby Gautam Kumar Berabanthropological profile of Nirmal Kumar Bose / aAllahabadbThe Oriental Institute of Cultural and Social Reseachc2009 a248/330, Baghambari Housing Scheme, BhardwajpurambAllahabade211006 a96p.c22cm (pbk) aThe Oriental Anthropologist Series - IV; edited by Vijoy S Sahay916771 aincludes bibliographical references 2ddccENh921mBER c42907d42907 001040718NFICaDBADbDBADd2010-08-21eDBAD/PUBg100.00l0o921 BERpEN-84738r2010-08-21 00:00:00t1v100.00w2010-08-21yEN